| 000 | 00368cam a22001097a 4500 | ||
|---|---|---|---|
| 008 | 180718b xxu||||| |||| 00| 0 eng d | ||
| 082 | _aN4x54 In2 | ||
| 245 |
_aReport of the national police commission _cby Ministry of Home Affairs; India |
||
| 260 |
_aDelhi _bThe Controller of Publications _c |
||
| 500 | _aLibrary has 7th and 8th report | ||
| 700 | _aMinistry of Home Affairs | ||
| 999 |
_c493895 _d493895 |
||